00542nam a22001697a 4500003000900000005001700009008003200026020001500058040002200073100002400095245007000119260003600189300003000225500005100255500004800306700001800354DO-SdBNP20180221101918.0160718 1996 xxu a spa d a0590254693 aBPMSUbspacBPMSU1 aBourgeois, Paulette10aFranklin and the tooth fairy /cPaulette Bourgeois, Brenda Clark  aNew York : bScholastic,c1996. a[30] p. :bil. ;c23 cm.  aWhich of these Franklin stories have you read? aFranklin is a trade mark of kids can press.12aClark, Brenda